[Event "TUN-chTB"]
[Site "Hammamet"]
[Date "2019.03.17"]
[Round "8.3"]
[White "Tamzali, Baccar"]
[Black "Rezgui, Khaled"]
[Result "1/2-1/2"]
[WhiteElo "1915"]
[BlackElo "1982"]
[PlyCount "36"]
[EventDate "2019.02.09"]
[EventType "team-tourn"]
[EventRounds "11"]
[EventCountry "TUN"]
[SourceTitle "EXT 2021"]
[Source "ChessBase"]
[SourceDate "2020.10.23"]
[SourceVersion "1"]
[SourceVersionDate "2020.10.23"]
[SourceQuality "1"]

1. d4 d5 2. Bf4 Nf6 3. e3 e6 4. Nd2 Bd6 5. Bg3 Bxg3 6. hxg3 Nbd7 7. Ngf3 b6 8. c3 Bb7 9. Bd3 Qe7 10. Qe2 e5 11. Nxe5 Nxe5 12. dxe5 Qxe5 13. Bb5+ c6 14. Bd3 Ne4 15. Bxe4 dxe4 16. Nc4 Qe6 17. 0-0-0 Rd8 18. Rxd8+ Kxd8 1/2-1/2